Catálogo
 En Linea

Tormentas de perfección : (Registro nro. 34965)

Detalles MARC
000 -CABECERA
campo de control de longitud fija 00593nam a2200169 a 4500
001 - NÚMERO DE CONTROL
campo de control 000035474
005 - FECHA Y HORA DE LA ÚLTIMA TRANSACCIÓN
campo de control 20200930074353.0
008 - DATOS DE LONGITUD FIJA--INFORMACIÓN GENERAL
campo de control de longitud fija 111101s1923 xxu 000 0 spa d
020 ## - NÚMERO INTERNACIONAL ESTÁNDAR DEL LIBRO
Número Internacional Estándar del Libro 096292023
040 ## - FUENTE DE LA CATALOGACIÓN
Centro catalogador/agencia de origen DO-SdBNP
Lengua de catalogación spa
Centro/agencia transcriptor BNPHU
082 ## - NÚMERO DE LA CLASIFICACIÓN DECIMAL DEWEY
Número de clasificación xxxx
Número de documento/Ítem xxxx
100 1# - ENTRADA PRINCIPAL--NOMBRE DE PERSONA
Nombre de persona Andrews, Andy
9 (RLIN) 61340
245 10 - MENCIÓN DE TÍTULO
Título Tormentas de perfección :
Resto del título en las propias palabras de los triunfadores /
Mención de responsabilidad, etc. Andy Andrews ; traducido por Luis Bernal Lumpuy ; editor Robert D. Smith.
250 ## - MENCIÓN DE EDICIÓN
Mención de edición 5a. ed.
260 ## - PUBLICACIÓN, DISTRIBUCIÓN, ETC.
Lugar de publicación, distribución, etc. Estados Unidos :
Nombre del editor, distribuidor, etc. Lightming Crown Publishers.,
Fecha de publicación, distribución, etc. 1923.
300 ## - DESCRIPCIÓN FÍSICA
Extensión 168 p. :
Otras características físicas il., retrs. ;
Dimensiones 26 cm.
Existencias
Estado de retiro Estado de pérdida Restricciones de uso No para préstamo Código de colección Localización permanente Ubicación/localización actual Ubicación en estantería Fecha de adquisición Número de inventario Total de préstamos Signatura topográfica completa Código de barras Fecha visto por última vez Precio válido a partir de Tipo de ítem Koha
      Excluido de préstamo Monografías: Libros y Folletos General General Depósito 01.11.2011 LF1   xxxx xxxx 35474-10 25.06.2020 25.06.2020 No se presta

Con tecnología Koha